000 00530nam a2200181Ia 4500
005 20250508150246.0
008 008 250505s9999 xx 000 0 eng d
037 _aTextual
040 _aFEDL
_beng
_cFEDL
041 _aeng
_2eng
084 _a572.7, MAL
_qFEDL
100 _aMalinowski Bronislow
_9756258
245 0 _aCrime and custom in savage society
260 _aLondon, UK
_bKegan Paul, Trench, Trubner and Co Ltd
_c1947
300 _axii,132p
942 _cTEXL
_h572.7, MAL
999 _c1322690
_d1322690